000 004510000a22001810004500
003 MACL
005 20150802164256.0
008 150802b xxu||||| |||| 00| 0 eng d
040 _aMACL
_cMACL
041 _aEnglish
082 _a370/RED
100 _aReddy, P.A.
_94461
245 _aVocational Education For Women
260 _bClassical Publishing Company
_c2006
_aNew Delhi
350 _a300
650 _aEducation
_94462
942 _cBK
_k370
_2ddc
999 _c8255
_d8255